000 01061nam a22003137a 4500
003 CHAP
005 20220329135142.0
008 971013s1967 r 00010 d
010 _a31773
011 _a32745
035 _a36860
040 _cCHAP
082 _a631.544
_bN3
100 0 0 _aNelson, Kennard S.
_980785
245 _aFlower and plant production in the greenhouse
260 _aDanville, Ill. :
_bInterstate,
_c1967
300 _a335 p.
590 _aBATCH-UPD
_b10
_c20130110
_lUCH01
_h0216
590 _aBATCH-UPD
_b10
_c20130110
_lUCH01
_h1506
590 _aCONVERSION
_b10
_c20130109
_lUCH01
_h1318
650 1 4 _aCultivos en invernadero.
_930376
650 1 4 _aFloricultura.
_941822
901 _aBK
942 _cLIBRO
949 _a631.544 N3
_bBC
_cLIBRO
_d33724000091229
_eLIBRO
_h41735
_i36860
_si
949 _a631.544 N3
_bBC
_cLIBRO
_d33724000162384
_eLIBRO
_fc.2
_h51431
_i36860
_si
949 _a631.544 N3
_bBC
_cLIBRO
_d33724000162392
_eLIBRO
_fc.3
_h51432
_i36860
_si
949 _a631.544 N3
_bBC
_cLIBRO
_d33724000162400
_eLIBRO
_fc.4
_h51433
_i36860
_si
999 _c31773
_d31773